[Event "Challenge"]
[Site "http://www.queenalice.com/game.php?id=258038"]
[Date "2007.8.19"]
[Round "-"]
[White "dinkoiliev"]
[Black "littleboy"]
[Result "0-1"]
[WhiteElo "1693"]
[BlackElo "1660"]

1. e4 d5 2. e5 c5 3. d4 cxd4 4. Qxd4 Nc6 5. Qa4 Bd7 6. Bb5 Nxe5 7. Bxd7+ Qxd7 8.
Qb3 Nf6 9. f3 e6 10. Ne2 Bc5 11. Qc3 Qd6 12. a3 d4 13. Qd2 d3 14. cxd3 Nxd3+ 15.
Kf1 Nd5 16. Qxd3 Ne3+ 17. Qxe3 Qd1+ 18. Kf2 Bxe3+ 19. Kxe3 Qxh1 20. Nbc3 Qxg2
21. Nb5 Qg5+ 0-1

[Event "Challenge"]
[Site "http://www.queenalice.com/game.php?id=258045"]
[Date "2007.8.19"]
[Round "-"]
[White "jlgonzalvez"]
[Black "littleboy"]
[Result "1-0"]
[WhiteElo "1945"]
[BlackElo "1679"]

1. e4 e5 2. Nf3 Nc6 3. Bb5 Bc5 4. c3 Bb6 5. d4 Nf6 6. Nxe5 Nxe5 7. dxe5 Nxe4 8.
Qg4 Bxf2+ 9. Kd1 c6 10. Qxg7 Rf8 11. Bd3 d5 12. Bh6 Bc5 13. b4 Be7 14. Rf1 Be6
15. Qxh7 Ng5 16. Bxg5 Bxg5 17. Bf5 Qe7 18. Bxe6 Qxe6 19. Qf5 1-0

[Event "Challenge"]
[Site "http://www.queenalice.com/game.php?id=258251"]
[Date "2007.8.20"]
[Round "-"]
[White "samuelrmgs"]
[Black "littleboy"]
[Result "0-1"]
[WhiteElo "1310"]
[BlackElo "1709"]

1. Nf3 d5 2. e3 e6 3. Bb5+ c6 4. Nd4 cxb5 5. Nxb5 a6 6. b3 axb5 7. Bb2 Nc6 8.
Bc3 Nf6 9. O-O Bb4 10. Bxb4 Nxb4 11. a3 Nc6 12. Nc3 Qb6 13. d4 b4 14. axb4 Rxa1
15. Qxa1 Nxb4 16. Qb2 Ne4 17. Ra1 Nxc3 18. Ra8 Qc7 19. Qa2 Ncxa2 0-1

[Event "Challenge"]
[Site "http://www.queenalice.com/game.php?id=258277"]
[Date "2007.8.20"]
[Round "-"]
[White "Gil"]
[Black "littleboy"]
[Result "1/2-1/2"]
[WhiteElo "2093"]
[BlackElo "1738"]

1. d4 Nf6 2. Nf3 g6 3. Bg5 Bg7 4. e3 O-O 5. Be2 c5 6. O-O d5 7. c4 cxd4 8. Nxd4
Ne4 9. Bh4 g5 10. Bg3 Nc6 11. Nxc6 bxc6 12. Nc3 Bxc3 13. bxc3 Nxc3 14. Qe1 Nxe2+
15. Qxe2 Ba6 16. Rfb1 Bxc4 17. Qh5 f6 18. Rb7 Qe8 19. Qh6 Rf7 20. h4 gxh4 21.
Qxh4 e5 22. Rab1 Bb5 23. Qg4+ Kh8 24. Rxf7 Qxf7 25. Bh4 Rg8 26. Qf5 Rf8 27. Rb3
Bc4 28. Rc3 e4 29. a4 Qe7 30. Rc1 Qd6 31. Bg3 Qd8 32. Qe6 Qe8 33. Qd6 Kg7 34.
Rb1 Rf7 35. Bh4 Qe7 36. Qxc6 Qd8 37. Rb7 Kg6 38. Rxf7 Kxf7 39. Qb7+ Qe7 40. Qc8
Bb3 41. Qf5 Bxa4 42. Qxh7+ Ke6 43. Qg8+ Qf7 44. Qg4+ f5 45. Qg5 Be8 46. Bg3 Qf6
47. Qg8+ Ke7 48. Qh7+ Qf7 49. Qh6 Qe6 50. Qg7+ Bf7 51. Bc7 Kd7 1/2-1/2

[Event "Challenge"]
[Site "http://www.queenalice.com/game.php?id=258354"]
[Date "2007.8.20"]
[Round "-"]
[White "littleboy"]
[Black "REUSKING"]
[Result "1/2-1/2"]
[WhiteElo "1677"]
[BlackElo "1958"]

1. d4 d5 2. c4 e6 3. Nc3 Nf6 4. Nf3 Be7 5. Bf4 Bd6 6. Bxd6 Qxd6 7. e3 c6 8. Bd3
dxc4 9. Bxc4 Nd5 10. Rc1 Nd7 11. O-O O-O 12. Ne4 Qe7 13. Qc2 N7f6 14. Nxf6+ Nxf6
15. Bd3 h6 16. Rfd1 Bd7 17. Ne5 Nd5 18. Bh7+ Kh8 19. Be4 Nf6 20. Bf3 Rad8 21.
Qa4 a6 22. Qb3 Rb8 23. a4 Nd5 24. a5 Nc7 25. Qb6 Nd5 1/2-1/2

[Event "Challenge"]
[Site "http://www.queenalice.com/game.php?id=258455"]
[Date "2007.8.20"]
[Round "-"]
[White "littleboy"]
[Black "doran"]
[Result "1-0"]
[WhiteElo "1711"]
[BlackElo "1288"]

1. Nf3 g6 2. c4 Bg7 3. d4 d6 4. Nc3 Nf6 5. e4 Nbd7 6. Be2 e5 7. O-O O-O 8. Re1
Re8 9. Bf1 c6 10. Rb1 Qe7 11. d5 cxd5 12. Nxd5 Nxd5 13. cxd5 f5 14. exf5 gxf5
15. Be3 e4 16. Nd4 Ne5 17. Qd2 Qf7 18. Rbc1 a6 19. Bh6 Qxd5 20. Bxg7 Kxg7 21.
Nxf5+ 1-0

[Event "Challenge"]
[Site "http://www.queenalice.com/game.php?id=258740"]
[Date "2007.8.21"]
[Round "-"]
[White "samuelrmgs"]
[Black "littleboy"]
[Result "0-1"]
[WhiteElo "1254"]
[BlackElo "1738"]

1. Nc3 d5 2. Nxd5 Qxd5 3. d4 Nc6 4. Bf4 Nxd4 5. c3 Qf5 6. Qxd4 Qd7 7. Qxd7+ Kxd7
8. Rd1+ Kc6 9. Rd4 b5 10. c4 a6 11. cxb5+ axb5 12. a4 Rxa4 13. b4 Ra1+ 14. Rd1
Rxd1+ 15. Kxd1 e6 16. e3 Bxb4 17. Ne2 h6 18. e4 Nf6 19. Bd2 Rd8 20. Ke1 Bxd2+
21. Kd1 Nxe4 22. Rg1 Be3+ 23. Ke1 Bxf2# 0-1

[Event "Challenge"]
[Site "http://www.queenalice.com/game.php?id=258841"]
[Date "2007.8.21"]
[Round "-"]
[White "mustangmike"]
[Black "littleboy"]
[Result "0-1"]
[WhiteElo "1778"]
[BlackElo "1752"]

1. e4 e6 2. d4 d5 3. e5 c5 4. Nf3 Nc6 5. Nc3 cxd4 6. Nxd4 Nxe5 7. Bf4 Bd6 8. Bd2
Nf6 9. h3 O-O 10. f4 Ng6 11. g3 e5 12. fxe5 Bxe5 13. Be3 Bxg3+ 14. Kd2 Re8 15.
Qf3 Rxe3 16. Kxe3 Ng4+ 17. hxg4 Qg5+ 18. Ke2 Bxg4 19. Qxg4 Qxg4+ 20. Kd2 Qxd4+
21. Bd3 Bf4+ 22. Kd1 Qe3 23. Nb1 Qf3+ 24. Ke1 Re8+ 25. Be2 Qxe2# 0-1

[Event "Challenge"]
[Site "http://www.queenalice.com/game.php?id=258861"]
[Date "2007.8.21"]
[Round "-"]
[White "pedrogarciass"]
[Black "littleboy"]
[Result "0-1"]
[WhiteElo "1459"]
[BlackElo "1688"]

1. Nf3 c5 2. e4 e6 3. d4 cxd4 4. Qxd4 Nc6 5. Qd1 d5 6. e5 f6 7. Bb5 Bd7 8. Bxc6
Bxc6 9. exf6 Nxf6 10. Bg5 Qb6 11. Be3 Qxb2 12. Bd4 Qb4+ 13. Nbd2 Bd6 14. O-O O-O
15. Nb3 Qa4 16. Ng5 e5 17. Bb2 Ne4 18. Nxe4 Qxe4 19. Nd2 Qg6 20. c4 dxc4 21. g3
Bb4 22. Nxc4 Qe4 23. f3 Qxc4 24. Bxe5 Bc5+ 25. Kg2 Rad8 26. Qb1 Qe2+ 27. Kh3
Bd7+ 28. g4 Rxf3+ 29. Rxf3 Qxf3+ 30. Bg3 Bxg4+ 31. Kh4 Be7# 0-1

[Event "Challenge"]
[Site "http://www.queenalice.com/game.php?id=259391"]
[Date "2007.8.22"]
[Round "-"]
[White "littleboy"]
[Black "KOSTENIUK"]
[Result "0-1"]
[WhiteElo "1709"]
[BlackElo "1875"]

1. d4 Nf6 2. c4 b6 3. Nc3 Bb7 4. Qc2 Na6 5. Nf3 Bxf3 6. gxf3 d6 7. a4 g6 8. Bg5
Bg7 9. Bxf6 Bxf6 10. O-O-O O-O 11. Nd5 Bg7 12. h4 c6 0-1

[Event "Challenge"]
[Site "http://www.queenalice.com/game.php?id=259443"]
[Date "2007.8.22"]
[Round "-"]
[White "HERMIONE"]
[Black "littleboy"]
[Result "1-0"]
[WhiteElo "1678"]
[BlackElo "1679"]

1. e4 d5 2. exd5 Qxd5 3. Nc3 Qd7 4. Nf3 Nc6 5. Bb5 a6 6. Ba4 Nf6 7. O-O Qd8 8.
h3 Bd7 9. d4 b5 10. Bb3 e6 11. Re1 Bc8 12. Bg5 1-0

[Event "Challenge #99"]
[Site "http://www.queenalice.com/game.php?id=259497"]
[Date "2007.8.22"]
[Round "-"]
[White "littleboy"]
[Black "Kirkland"]
[Result "0-1"]
[WhiteElo "1735"]
[BlackElo "2372"]

1. e4 c5 2. Nf3 a6 3. Nc3 e6 4. d4 cxd4 5. Nxd4 Qc7 6. Bd3 Nc6 7. Nb3 Nf6 8. f4
Bb4 9. Bd2 Bxc3 10. Bxc3 Qxf4 11. Qd2 Qxd2+ 12. Nxd2 b5 13. Bxf6 gxf6 14. O-O
Ke7 15. Rf4 Rg8 16. Raf1 Rg6 17. Rh4 h6 18. a4 Ne5 19. axb5 axb5 20. Bxb5 Rb8
21. c4 Ba6 22. Bxa6 Rxb2 23. Rf2 Rxd2 24. Rxd2 Nf3+ 25. Kf2 Nxd2 26. g3 Nb3 27.
Ke3 Nc5 28. Bb5 e5 29. Kf3 Ne6 30. Ke3 Nd4 31. Rh5 Ke6 32. Ba6 Ke7 33. Bb5 Nxb5
34. cxb5 Kd6 35. Rf5 Kc5 36. Kf3 Kxb5 37. h4 Kc5 38. h5 Rg5 39. Rxf6 Rxh5 40.
Rxf7 Kc6 41. Rh7 d6 42. g4 Rh1 43. Kf2 Kc5 44. g5 h5 45. g6 Rh4 46. Rc7+ Kd4 47.
g7 Rg4 48. Kf3 Rg5 49. Rd7 Kc5 50. Rc7+ Kb6 51. Rd7 Kc6 52. Rf7 h4 53. Ke2 Kc5
54. Ra7 h3 55. Ra3 Rg2+ 56. Kd1 Rxg7 57. Rxh3 Rg4 58. Kd2 Rxe4 59. Rh8 d5 60.
Rc8+ Kd4 61. Ra8 Rf4 62. Ra4+ Kc5 63. Ra5+ Kc6 64. Ra6+ Kb5 65. Ra8 Rf6 66. Ke3
Ra6 67. Rb8+ Kc6 68. Rc8+ Kd7 69. Rc5 Ra3+ 70. Kd2 Kd6 71. Rc8 e4 72. Re8 Kc5
73. Rb8 Kd4 74. Rb4+ Ke5 75. Rb7 e3+ 76. Ke2 Ke4 77. Re7+ Kd4 78. Kf3 Rc3 79.
Rd7 Rc2 80. Kg3 Rf2 81. Ra7 Ke4 82. Re7+ Kd3 83. Rb7 d4 84. Ra7 Rf8 0-1

[Event "Challenge"]
[Site "http://www.queenalice.com/game.php?id=259650"]
[Date "2007.8.22"]
[Round "-"]
[White "pedrogarciass"]
[Black "littleboy"]
[Result "1-0"]
[WhiteElo "1577"]
[BlackElo "1700"]

1. d4 c6 2. e4 d5 3. e5 c5 4. dxc5 e6 5. c4 Bxc5 6. Qg4 g6 7. a3 Nc6 8. Bg5 Qb6
9. Be3 Bxe3 10. fxe3 Qxb2 11. Ne2 Qxa1 12. Nc3 Qb2 13. Be2 Qc1+ 14. Bd1 Qxe3+
15. Qe2 Qxe2+ 16. Nxe2 Nge7 17. O-O dxc4 18. Ba4 Bd7 19. Bxc6 Nxc6 20. Nbc3 Nxe5
21. Ne4 O-O-O 22. Rc1 Bc6 23. N4c3 Rd2 24. h3 1-0

[Event "Challenge"]
[Site "http://www.queenalice.com/game.php?id=260416"]
[Date "2007.8.23"]
[Round "-"]
[White "samuelrmgs"]
[Black "littleboy"]
[Result "0-1"]
[WhiteElo "1263"]
[BlackElo "1733"]

1. Nf3 d5 2. Ne5 Nf6 3. e3 Bg4 4. Be2 Bxe2 5. Kxe2 Qd6 6. Nc4 Qa6 7. Ke1 Qxc4 8.
d3 Qh4 9. g3 Qg4 10. f3 Qe6 11. Bd2 Nc6 12. Bb4 a5 13. Bc3 Qxe3+ 14. Kf1 Nd4 15.
Be1 Nxf3 16. Bf2 Qe5 17. Qxf3 Qxb2 18. Bc5 Qxa1 19. Qd1 Ng4 20. Qxg4 Qxb1+ 21.
Qd1 Qxd1+ 22. Kf2 Qxh1 23. Ke2 Qxh2+ 24. Bf2 Ra6 25. d4 Re6+ 26. Kd2 Qxf2+ 27.
Kc3 Re3+ 28. Kb2 a4 29. g4 a3+ 30. Ka1 Re1# 0-1

[Event "Challenge"]
[Site "http://www.queenalice.com/game.php?id=260594"]
[Date "2007.8.24"]
[Round "-"]
[White "Kaupauki"]
[Black "littleboy"]
[Result "1-0"]
[WhiteElo "2440"]
[BlackElo "1740"]

1. e4 e5 2. Nf3 Nc6 3. Bb5 a6 4. Ba4 d6 5. c3 Bd7 6. O-O Nf6 7. d4 Be7 8. Re1
O-O 9. Nbd2 Re8 10. h3 exd4 11. cxd4 b5 12. Bc2 Nb4 13. Bb1 c5 14. dxc5 dxc5 15.
e5 Nfd5 16. Ne4 Be6 17. Nfg5 g6 18. Nxe6 fxe6 19. Qg4 Qd7 20. h4 Nc6 21. Nc3
Rad8 22. Bxg6 hxg6 23. Qxg6+ Kh8 24. Nxd5 exd5 25. e6 Qa7 26. Qh5+ Kg8 27. Qf7+
Kh8 28. Bf4 Bf8 29. Be5+ Bg7 30. Bxg7+ Kh7 31. Qh5+ Kxg7 32. Re3 Qc7 33. Rae1
Re7 34. Rg3+ Qxg3 35. fxg3 Kg8 36. Re5 Nxe5 37. Qg5+ Kf8 38. Qxe5 Ree8 39. e7+
Rxe7 40. Qh8+ Kf7 41. Qxd8 d4 42. Qd5+ Ke8 43. Qxc5 Rd7 44. Qc8+ Ke7 45. Qxa6 d3
46. Qxb5 d2 47. Qe2+ Kf6 48. Qd1 Ke7 49. Kf2 1-0

[Event "Challenge"]
[Site "http://www.queenalice.com/game.php?id=261673"]
[Date "2007.8.26"]
[Round "-"]
[White "col"]
[Black "littleboy"]
[Result "1-0"]
[WhiteElo "2094"]
[BlackElo "1679"]

1. e4 e6 2. d4 d5 3. Nd2 c5 4. exd5 exd5 5. Ngf3 Nf6 6. Bb5+ Bd7 7. Qe2+ Be7 8.
dxc5 O-O 9. Nb3 Re8 10. Be3 a6 11. Bd3 Ba4 12. Nfd4 Nbd7 13. O-O-O Nxc5 14. Nf5
Bf8 15. Nxc5 Bxc5 16. Qf3 Bxe3+ 17. Nxe3 Rc8 18. Bf5 Rc5 19. Rd4 Bc6 20. Rhd1
Qd6 21. Qg3 Qxg3 22. hxg3 Ra5 23. a3 g6 24. Bd3 Ra4 25. Rxa4 Bxa4 26. Be2 Ne4
27. Nxd5 Kg7 28. Bc4 Nxf2 29. Rf1 Ne4 30. Nb6 Nd6 31. Bxf7 Bb5 32. c4 Nxf7 33.
cxb5 axb5 34. Nd5 1-0

[Event "Challenge"]
[Site "http://www.queenalice.com/game.php?id=261987"]
[Date "2007.8.26"]
[Round "-"]
[White "littleboy"]
[Black "Boby"]
[Result "1/2-1/2"]
[WhiteElo "1737"]
[BlackElo "1303"]

1. d4 d5 2. e3 Nf6 3. Nc3 c6 4. Nf3 h5 5. h4 Nbd7 6. Na4 Qc7 7. Bd2 a5 8. Bd3
Nb6 9. Nxb6 Qxb6 10. Qe2 Bg4 11. b3 Bxf3 12. Qxf3 e6 13. O-O Bd6 14. a4 O-O 15.
Bc3 g6 16. Be2 1/2-1/2